| Tag |
First Indicator |
Second Indicator |
Subfields |
| LEADER |
00000cam a2200000 a 4500 |
| 001 |
in00000075572 |
| 005 |
20151008053642.0 |
| 008 |
810115s1978 mbcac 00010 engm |
| 010 |
|
|
|a 80516417
|
| 015 |
|
|
|a C79-6756-0
|
| 020 |
|
|
|c $5.50 (pbk.)
|
| 035 |
|
|
|a (OCoLC)07249836
|
| 035 |
|
|
|9 AAH8167AM
|
| 040 |
|
|
|a DLC
|c DLC
|d m.c.
|d TXA
|d UtOrBLW
|
| 049 |
|
|
|a TXAM
|c [387025]
|
| 050 |
0 |
0 |
|a TH7413
|b .K67
|
| 082 |
0 |
|
|a 697/.78
|2 19
|
| 100 |
1 |
|
|a Kostanski, M.
|
| 245 |
1 |
0 |
|a Do it yourself retrofit methods for solar heating /
|c by M. Kostanski.
|
| 264 |
|
1 |
|a [Winnipeg?] :
|b [publisher not identified],
|c [1978?]
|
| 300 |
|
|
|a 53 pages :
|b illustrations, diagrams, portrait ;
|c 28 cm.
|
| 336 |
|
|
|a text
|b txt
|2 rdacontent
|
| 337 |
|
|
|a unmediated
|b n
|2 rdamedia
|
| 338 |
|
|
|a volume
|b nc
|2 rdacarrier
|
| 500 |
|
|
|a Cover title.
|
| 650 |
|
0 |
|a Solar heating
|x Amateurs' manuals.
|
| 999 |
|
|
|a MARS
|
| 999 |
f |
f |
|s 12837210-d708-3a16-b93d-c0915e777281
|i eafa815e-4e1a-3cde-973b-12b0309be425
|t 0
|
| 952 |
f |
f |
|p ric
|a Texas A&M University
|b Rellis Campus
|c Joint Library Facility
|d Remote Storage
|t 0
|e TH7413 .K67
|h Library of Congress classification
|i unmediated -- volume
|m A14806247966
|
| 998 |
f |
f |
|a TH7413 .K67
|t 0
|l Remote Storage
|